[Event "MCR_KT21"]
[Site "?"]
[Date "2006.??.??"]
[Round "?"]
[White "Mikolas, Jan"]
[Black "Zabrodsky, Zdenek"]
[Result "1-0"]
[WhiteElo "2025"]
[BlackElo "1742"]
[PlyCount "33"]
[EventDate "2006.??.??"]
[EventType "corr"]
[EventRounds "2"]
[SourceDate "2006.08.10"]

1. e4 c5 2. Nf3 e6 3. d4 cxd4 4. Nxd4 a6 5. c4 Bb4+ 6. Nc3 Nf6 7. e5 Bxc3+ 8.
bxc3 Ng8 9. Qg4 Qa5 10. Qxg7 Qxc3+ 11. Ke2 Qxc4+ 12. Ke3 Qc3+ 13. Bd3 Nc6 14.
Nxc6 dxc6 15. Qxh8 Kf8 16. Ke2 f6 17. Bh6+ 1-0

[Event "MCR_KT21"]
[Site "?"]
[Date "2006.??.??"]
[Round "?"]
[White "Zachoval, Milan"]
[Black "Zabrodsky, Zdenek"]
[Result "1/2-1/2"]
[WhiteElo "1600"]
[BlackElo "1742"]
[PlyCount "23"]
[EventDate "2006.??.??"]
[EventType "corr"]
[EventRounds "2"]
[SourceDate "2006.08.10"]

1. e4 c5 2. Nf3 e6 3. d4 cxd4 4. Nxd4 Nf6 5. Nc3 a6 6. Be3 d6 7. f3 e5 8. Nb3
Be7 9. Qd2 Nc6 10. O-O-O Be6 11. g4 Bxb3 12. cxb3 1/2-1/2

[Event "MCR_KT21"]
[Site "?"]
[Date "2006.??.??"]
[Round "?"]
[White "Zabrodsky, Zdenek"]
[Black "Zachoval, Milan"]
[Result "1/2-1/2"]
[WhiteElo "1742"]
[BlackElo "1600"]
[PlyCount "26"]
[EventDate "2006.??.??"]
[EventType "corr"]
[EventRounds "2"]
[SourceDate "2006.08.10"]

1. d4 d5 2. Nd2 c6 3. e3 Bf5 4. Ndf3 Nf6 5. Bd3 Bg4 6. h3 Bxf3 7. Nxf3 e6 8.
O-O Nbd7 9. c4 dxc4 10. Bxc4 Nb6 11. b3 Nxc4 12. bxc4 Be7 13. Qb3 Rb8 1/2-1/2

[Event "MCR_KT21"]
[Site "?"]
[Date "2006.??.??"]
[Round "?"]
[White "Ptacek, Jiri"]
[Black "Zachoval, Milan"]
[Result "1/2-1/2"]
[WhiteElo "1694"]
[BlackElo "1600"]
[PlyCount "31"]
[EventDate "2006.??.??"]
[EventType "corr"]
[EventRounds "2"]
[SourceDate "2006.08.10"]

1. Nf3 c5 2. e4 d6 3. Bb5+ Bd7 4. Bxd7+ Qxd7 5. O-O Nf6 6. e5 dxe5 7. Nxe5 Qd5
8. Nf3 Nc6 9. Nc3 Qd8 10. d3 e6 11. Bg5 Be7 12. Bxf6 Bxf6 13. Qd2 O-O 14. Rab1
Nd4 15. Nxd4 Bxd4 16. Ne4 1/2-1/2

[Event "MCR_KT21"]
[Site "?"]
[Date "2006.??.??"]
[Round "?"]
[White "Zachoval, Milan"]
[Black "Ptacek, Jiri"]
[Result "1/2-1/2"]
[WhiteElo "1600"]
[BlackElo "1694"]
[PlyCount "27"]
[EventDate "2006.??.??"]
[EventType "corr"]
[EventRounds "2"]
[SourceDate "2006.08.10"]

1. e4 d6 2. d4 Nf6 3. Nc3 g6 4. f4 Bg7 5. Nf3 Bg4 6. Bd3 Bxf3 7. Qxf3 c6 8. O-O
e6 9. Be3 Nbd7 10. e5 Nd5 11. Nxd5 exd5 12. c3 dxe5 13. fxe5 O-O 14. a4 1/2-1/2

[Event "MCR_KT21"]
[Site "?"]
[Date "2006.??.??"]
[Round "?"]
[White "Zachoval, Milan"]
[Black "Mikolas, Jan"]
[Result "1/2-1/2"]
[WhiteElo "1600"]
[BlackElo "2025"]
[PlyCount "37"]
[EventDate "2006.??.??"]
[EventType "corr"]
[EventRounds "2"]
[SourceDate "2006.08.10"]

1. e4 e6 2. d4 d5 3. Nd2 c5 4. exd5 Qxd5 5. Ngf3 cxd4 6. Bc4 Qd6 7. O-O Nf6 8.
Nb3 Nc6 9. Nbxd4 Nxd4 10. Nxd4 Be7 11. Bb3 O-O 12. c3 Rd8 13. Be3 e5 14. Nf3
Qc7 15. Qe2 Bg4 16. h3 Bh5 17. g4 Bg6 18. Rfd1 Be4 19. Rxd8+ 1/2-1/2

[Event "MCR_KT21"]
[Site "?"]
[Date "2006.??.??"]
[Round "?"]
[White "Martin, Petr"]
[Black "Mikolas, Jan"]
[Result "0-1"]
[WhiteElo "1725"]
[BlackElo "2025"]
[PlyCount "48"]
[EventDate "2006.??.??"]
[EventType "corr"]
[EventRounds "2"]
[SourceDate "2006.08.10"]

1. c4 c5 2. Nc3 Nc6 3. Nf3 Nf6 4. e3 g6 5. d4 cxd4 6. exd4 Bg7 7. d5 Nb4 8. a3
Na6 9. Be3 O-O 10. Bd3 b6 11. Rc1 Nc5 12. Bb1 Ng4 13. Bd4 Bh6 14. Rc2 Nb3 15.
O-O Ba6 16. h3 Nxd4 17. Nxd4 Nf6 18. b3 Bf4 19. Nce2 Bd6 20. f4 e6 21. dxe6
fxe6 22. Nb5 Bc5+ 23. Kh2 Ng4+ 24. Kh1 Ne3 0-1

[Event "MCR_KT21"]
[Site "?"]
[Date "2006.??.??"]
[Round "?"]
[White "Zabrodsky, Zdenek"]
[Black "Mikolas, Jan"]
[Result "0-1"]
[WhiteElo "1742"]
[BlackElo "2025"]
[PlyCount "50"]
[EventDate "2006.??.??"]
[EventType "corr"]
[EventRounds "2"]
[SourceDate "2006.08.10"]

1. d4 Nf6 2. c4 e5 3. dxe5 Ng4 4. Nf3 Bc5 5. e3 Nc6 6. e6 fxe6 7. Be2 O-O 8.
O-O b6 9. Nd4 Nxh2 10. Nxc6 Qh4 11. Ne5 Nxf1 12. Qxf1 Bd6 13. g3 Qe7 14. Nf3
Bb7 15. Nbd2 Rf7 16. Qd1 Raf8 17. Kg2 Bb4 18. e4 Bxd2 19. Nxd2 Rxf2+ 20. Kh3
R8f6 21. Nf3 Qc5 22. g4 Bxe4 23. Kg3 Bxf3 24. Bxf3 g5 25. Qd3 R2xf3+ 0-1

[Event "MCR_KT21"]
[Site "?"]
[Date "2006.??.??"]
[Round "?"]
[White "Mikolas, Jan"]
[Black "Martin, Petr"]
[Result "1-0"]
[WhiteElo "2025"]
[BlackElo "1725"]
[PlyCount "47"]
[EventDate "2006.??.??"]
[EventType "corr"]
[EventRounds "2"]
[SourceDate "2006.08.10"]

1. e4 d6 2. d4 Nf6 3. Nc3 g6 4. f4 Bg7 5. Nf3 O-O 6. e5 Ne8 7. Be3 d5 8. Bd3 c6
9. Qd2 f5 10. h4 h5 11. O-O-O Nd7 12. Ng5 Nb6 13. g4 fxg4 14. Bxg6 Bf5 15. Bxh5
Qd7 16. Qe2 Nc4 17. Bf2 Bh6 18. Rdg1 Bxg5 19. hxg5 Ng7 20. Bxg4 Qc7 21. Bxf5
Rxf5 22. Rh6 Qb6 23. Na4 Qb4 24. Rgh1 1-0

[Event "MCR_KT21"]
[Site "?"]
[Date "2006.??.??"]
[Round "?"]
[White "Pipek, Jan"]
[Black "Martin, Petr"]
[Result "1-0"]
[WhiteElo "1701"]
[BlackElo "1725"]
[PlyCount "29"]
[EventDate "2006.??.??"]
[EventType "corr"]
[EventRounds "2"]
[SourceDate "2006.08.10"]

1. e4 d6 2. d4 Nf6 3. Nc3 g6 4. Nf3 Bg7 5. Be2 O-O 6. O-O Nbd7 7. Be3 e5 8.
dxe5 dxe5 9. a4 c6 10. Qd6 Ng4 11. Bd2 Qb6 12. a5 Qc5 13. Qc7 Bf6 14. a6 Bd8
15. axb7 1-0

[Event "MCR_KT21"]
[Site "?"]
[Date "2006.??.??"]
[Round "?"]
[White "Martin, Petr"]
[Black "Zachoval, Milan"]
[Result "1-0"]
[WhiteElo "1725"]
[BlackElo "1600"]
[PlyCount "45"]
[EventDate "2006.??.??"]
[EventType "corr"]
[EventRounds "2"]
[SourceDate "2006.08.10"]

1. c4 e5 2. Nf3 d6 3. d4 exd4 4. Nxd4 g6 5. e4 Bg7 6. Nc3 a6 7. Be2 Nf6 8. O-O
O-O 9. Bg5 Be6 10. f4 Qc8 11. f5 Bd7 12. Bxf6 Bxf6 13. Nd5 Bd8 14. Qd2 Kg7 15.
f6+ Bxf6 16. Nxf6 c5 17. Nc2 Qc7 18. Qc3 Kh6 19. Ne3 g5 20. Nf5+ Bxf5 21. Rxf5
Nd7 22. Qh3+ Kg6 23. Qxh7# 1-0

[Event "MCR_KT21"]
[Site "?"]
[Date "2006.??.??"]
[Round "?"]
[White "Zachoval, Milan"]
[Black "Martin, Petr"]
[Result "1-0"]
[WhiteElo "1600"]
[BlackElo "1725"]
[PlyCount "53"]
[EventDate "2006.??.??"]
[EventType "corr"]
[EventRounds "2"]
[SourceDate "2006.08.10"]

1. d4 Nf6 2. c4 g6 3. Nc3 Bg7 4. e4 d6 5. f3 O-O 6. Be3 Nbd7 7. Nge2 e5 8. d5
Ne8 9. Qd2 f5 10. O-O-O f4 11. Bf2 Nb6 12. Qd3 a5 13. Bxb6 cxb6 14. a4 Nf6 15.
b3 Qc7 16. Kb2 Qc5 17. Nb5 Bd7 18. Rc1 Ne8 19. Nec3 Rc8 20. Na7 Ra8 21. Nab5
Nc7 22. Nxc7 Qxc7 23. Nb5 Qc5 24. Be2 Rfc8 25. Rhf1 Kf7 26. h3 Qf2 27. Rxf2 1-0

[Event "MCR_KT21"]
[Site "?"]
[Date "2006.??.??"]
[Round "?"]
[White "Ptacek, Jiri"]
[Black "Martin, Petr"]
[Result "1/2-1/2"]
[WhiteElo "1694"]
[BlackElo "1725"]
[PlyCount "48"]
[EventDate "2006.??.??"]
[EventType "corr"]
[EventRounds "2"]
[SourceDate "2006.08.10"]

1. Nf3 Nf6 2. d4 g6 3. Nc3 Bg7 4. Bg5 O-O 5. Bxf6 Bxf6 6. e4 d6 7. e5 Bg7 8.
exd6 exd6 9. Be2 Nd7 10. O-O Nf6 11. h3 d5 12. Re1 Ne4 13. Bd3 Nxc3 14. bxc3
Bd7 15. c4 dxc4 16. Bxc4 Bc6 17. c3 Bd5 18. Bxd5 Qxd5 19. Qb3 Rfd8 20. Re7 Rac8
21. Rb1 Qxb3 22. axb3 a5 23. Ra1 b6 24. Rae1 Bf6 1/2-1/2

[Event "MCR_KT21"]
[Site "?"]
[Date "2006.??.??"]
[Round "?"]
[White "Martin, Petr"]
[Black "Pipek, Jan"]
[Result "0-1"]
[WhiteElo "1725"]
[BlackElo "1701"]
[PlyCount "48"]
[EventDate "2006.??.??"]
[EventType "corr"]
[EventRounds "2"]
[SourceDate "2006.08.10"]

1. c4 e5 2. Nf3 Nc6 3. d4 Bb4+ 4. Bd2 Bxd2+ 5. Qxd2 exd4 6. Nxd4 Nf6 7. Nc3 O-O
8. e4 d6 9. Nxc6 bxc6 10. Be2 Rb8 11. O-O Qe7 12. Bd3 Qe5 13. b3 Re8 14. Rae1
a6 15. f4 Qd4+ 16. Kh1 Be6 17. e5 Bf5 18. Rf3 dxe5 19. fxe5 Rbd8 20. Rxf5 Qxd3
21. Qxd3 Rxd3 22. Ref1 Ng4 23. Ne4 Ne3 24. Nc5 Rd2 0-1

[Event "MCR_KT21"]
[Site "?"]
[Date "2006.??.??"]
[Round "?"]
[White "Zabrodsky, Zdenek"]
[Black "Martin, Petr"]
[Result "1-0"]
[WhiteElo "1742"]
[BlackElo "1725"]
[PlyCount "69"]
[EventDate "2006.??.??"]
[EventType "corr"]
[EventRounds "2"]
[SourceDate "2006.08.10"]

1. d4 Nf6 2. c4 g6 3. Nc3 Bg7 4. e4 d6 5. Nf3 O-O 6. Be2 Nbd7 7. O-O e5 8. Bg5
h6 9. Be3 Ng4 10. Qd2 Nxe3 11. Qxe3 Nb6 12. d5 f5 13. Ne1 f4 14. Qd2 g5 15. h3
Qf6 16. b4 Qg6 17. c5 dxc5 18. bxc5 Nd7 19. Nd3 Nf6 20. Bf3 Re8 21. Nb5 g4 22.
hxg4 Bxg4 23. Bxg4 Qxg4 24. f3 Qd7 25. Nc3 Qe7 26. Rab1 b6 27. Qf2 Nh5 28. Ne2
Bf6 29. Rfc1 Bh4 30. Qf1 Kh7 31. g4 fxg3 32. Qh3 Rf8 33. Kg2 Rf6 34. Qxh4 Qf7
35. Nxe5 1-0

[Event "MCR_KT21"]
[Site "?"]
[Date "2006.??.??"]
[Round "?"]
[White "Martin, Petr"]
[Black "Zabrodsky, Zdenek"]
[Result "0-1"]
[WhiteElo "1725"]
[BlackElo "1742"]
[PlyCount "71"]
[EventDate "2006.??.??"]
[EventType "corr"]
[EventRounds "2"]
[SourceDate "2006.08.10"]

1. c4 c5 2. Nc3 Nf6 3. Nf3 Nc6 4. e3 e6 5. d4 cxd4 6. exd4 d5 7. cxd5 Nxd5 8.
Bb5 Bd7 9. Nxd5 exd5 10. O-O Be7 11. Be3 O-O 12. a3 Bd6 13. Bd3 h6 14. Rc1 Bg4
15. h3 Be6 16. Nh2 Bxh2+ 17. Kxh2 a6 18. Qh5 Qf6 19. f4 Rfe8 20. Rcd1 Bd7 21.
Rf3 Ne7 22. f5 Kf8 23. g4 Ng8 24. Rdf1 Qd6+ 25. Bf4 Qb6 26. R1f2 Nf6 27. Qh4
Ne4 28. Rg2 Qxd4 29. g5 h5 30. Qxh5 Ke7 31. f6+ gxf6 32. gxf6+ Kd8 33. Qxf7 Rc8
34. Rg7 Nxf6 35. Bg5 Qxb2+ 36. Rf2 0-1

[Event "MCR_KT21"]
[Site "?"]
[Date "2006.??.??"]
[Round "?"]
[White "Pipek, Jan"]
[Black "Ptacek, Jiri"]
[Result "1-0"]
[WhiteElo "1701"]
[BlackElo "1694"]
[PlyCount "41"]
[EventDate "2006.??.??"]
[EventType "corr"]
[EventRounds "2"]
[SourceDate "2006.08.10"]

1. e4 d6 2. d4 Nf6 3. Nc3 g6 4. Nf3 Bg7 5. Be2 O-O 6. O-O b6 7. Re1 Ba6 8. Bxa6
Nxa6 9. Qd3 Qc8 10. a3 c5 11. e5 Nd7 12. Nd5 Qb7 13. Nxe7+ Kh8 14. Ng5 dxe5 15.
Nxh7 Bf6 16. Qh3 Bxe7 17. Nxf8+ Kg7 18. Qh7+ Kf6 19. dxe5+ Nxe5 20. Qh8+ Kf5
21. Rxe5+ 1-0

[Event "MCR_KT21"]
[Site "?"]
[Date "2006.??.??"]
[Round "?"]
[White "Mikolas, Jan"]
[Black "Zachoval, Milan"]
[Result "1/2-1/2"]
[WhiteElo "2025"]
[BlackElo "1600"]
[PlyCount "69"]
[EventDate "2006.??.??"]
[EventType "corr"]
[EventRounds "2"]
[SourceDate "2006.08.10"]

1. e4 e5 2. Nf3 Nc6 3. Bc4 Bc5 4. c3 Nf6 5. d4 exd4 6. cxd4 Bb4+ 7. Kf1 d5 8.
exd5 Nxd5 9. Nc3 Be6 10. Bxd5 Bxd5 11. Qe2+ Be7 12. Qb5 Bxf3 13. gxf3 Qxd4 14.
Qxb7 Qc4+ 15. Kg2 O-O 16. Qxc7 Rac8 17. Qf4 Qxf4 18. Bxf4 Rfd8 19. Rad1 Rxd1
20. Rxd1 Rd8 21. Nd5 Bf8 22. b4 Bxb4 23. Nxb4 Rxd1 24. Nxc6 Ra1 25. Nxa7 Rxa2
26. Nc6 Rc2 27. Ne7+ Kh8 28. Be3 h6 29. f4 Kh7 30. Kf3 Rc7 31. Nf5 g6 32. Nd6
f5 33. Bd4 Rc6 34. Be5 Kg8 35. h4 1/2-1/2

[Event "MCR_KT21"]
[Site "?"]
[Date "2006.??.??"]
[Round "?"]
[White "Mikolas, Jan"]
[Black "Ptacek, Jiri"]
[Result "1-0"]
[WhiteElo "2025"]
[BlackElo "1694"]
[PlyCount "73"]
[EventDate "2006.??.??"]
[EventType "corr"]
[EventRounds "2"]
[SourceDate "2006.08.10"]

1. e4 e6 2. d4 d5 3. Nc3 Bb4 4. Bd2 Bxc3 5. Bxc3 Ne7 6. Qg4 Ng6 7. Bd3 Qh4 8.
Qg3 Qxg3 9. hxg3 b6 10. exd5 exd5 11. O-O-O O-O 12. Nf3 Bg4 13. Rde1 Bxf3 14.
gxf3 Nd7 15. Bb5 Nf6 16. Bc6 Rab8 17. Bb4 Rfd8 18. a4 a5 19. Ba3 h6 20. f4 Nf8
21. Be7 Ne6 22. c3 Ne4 23. Bxd8 Nxf2 24. Be7 Nxh1 25. Rxh1 Kh7 26. f5 Nf8 27.
Bxd5 Kg8 28. Bc6 f6 29. Re1 Nh7 30. Ba3 Ng5 31. Re7 Rc8 32. Bb7 Rb8 33. Rxc7
Re8 34. Bd5+ Kh8 35. Rb7 Re1+ 36. Kd2 Rg1 37. Rb8+ 1-0

[Event "MCR_KT21"]
[Site "?"]
[Date "2006.??.??"]
[Round "?"]
[White "Martin, Petr"]
[Black "Ptacek, Jiri"]
[Result "1-0"]
[WhiteElo "1725"]
[BlackElo "1694"]
[PlyCount "85"]
[EventDate "2006.??.??"]
[EventType "corr"]
[EventRounds "2"]
[SourceDate "2006.08.10"]

1. c4 Nf6 2. Nc3 g6 3. e4 d6 4. d4 Bg7 5. Bd3 O-O 6. Nge2 b6 7. O-O Bb7 8. Bg5
Nbd7 9. f4 h6 10. Bh4 c6 11. Bf2 e6 12. e5 dxe5 13. fxe5 Nh7 14. Qd2 f5 15.
exf6 Qxf6 16. Be3 Qe7 17. Bxh6 Rxf1+ 18. Rxf1 Rf8 19. Rxf8+ Ndxf8 20. Bxg7 Qxg7
21. Qf4 Qd7 22. Ne4 a6 23. Nf6+ Nxf6 24. Qxf6 Qe8 25. h4 Qf7 26. Qg5 Qh7 27.
Nf4 Kf7 28. h5 Qg7 29. Qd8 gxh5 30. Nxh5 Qh8 31. Qc7+ Ke8 32. Nf4 Qxd4+ 33. Kh2
Qd7 34. Qxb6 e5 35. Qe3 Qe7 36. Ng6 Nxg6 37. Bxg6+ Kd8 38. Be4 Kc7 39. c5 Qf7
40. Qg5 Qe6 41. Bf5 Qf7 42. Qg6 Qxa2 43. Qd6# 1-0

[Event "MCR_KT21"]
[Site "?"]
[Date "2006.??.??"]
[Round "?"]
[White "Zachoval, Milan"]
[Black "Pipek, Jan"]
[Result "0-1"]
[WhiteElo "1600"]
[BlackElo "1701"]
[PlyCount "60"]
[EventDate "2006.??.??"]
[EventType "corr"]
[EventRounds "2"]
[SourceDate "2006.08.10"]

1. d4 d5 2. c4 c6 3. Nf3 e6 4. Nc3 dxc4 5. a4 Bb4 6. e3 a5 7. Bxc4 h6 8. O-O
Nd7 9. Bd2 Ngf6 10. Qc2 Bd6 11. Ne4 Nxe4 12. Qxe4 Nb6 13. Be2 Nd5 14. Bc3 f5
15. Qc2 Bd7 16. Ne5 O-O 17. Bf3 Be8 18. Bxd5 exd5 19. f4 b6 20. g3 Qe7 21. Qd2
Ra7 22. Rfc1 Rc7 23. b3 Qe6 24. Rab1 Bxe5 25. dxe5 Rc8 26. Qe2 c5 27. Qd1 Bc6
28. h4 d4 29. exd4 Qd5 30. Kf1 Qg2+ 0-1

[Event "MCR_KT21"]
[Site "?"]
[Date "2006.??.??"]
[Round "?"]
[White "Pipek, Jan"]
[Black "Zachoval, Milan"]
[Result "1-0"]
[WhiteElo "1600"]
[BlackElo "1701"]
[PlyCount "71"]
[EventDate "2006.??.??"]
[EventType "corr"]
[EventRounds "2"]
[SourceDate "2006.08.10"]

1. e4 c5 2. Nc3 Nc6 3. g3 g6 4. Bg2 Bg7 5. d3 d6 6. f4 e6 7. Nf3 Nge7 8. O-O
O-O 9. Be3 a6 10. a3 Qc7 11. d4 cxd4 12. Nxd4 Bd7 13. Qd3 Nxd4 14. Bxd4 Bxd4+
15. Qxd4 Qc5 16. Qxc5 dxc5 17. e5 Rab8 18. Ne4 Bc6 19. Nf6+ Kg7 20. Bxc6 bxc6
21. Nd7 Rxb2 22. Nxf8 Kxf8 23. c3 Nd5 24. Rfb1 Rc2 25. Rc1 Rxc3 26. Rxc3 Nxc3
27. Kf2 Nd5 28. Rb1 c4 29. Rb8+ Ke7 30. Rb7+ Ke8 31. Ra7 c3 32. Rxa6 Kd7 33.
Ke2 h5 34. Kd3 h4 35. Ra7+ Ke8 36. a4 1-0

[Event "MCR_KT21"]
[Site "?"]
[Date "2006.??.??"]
[Round "?"]
[White "Ptacek, Jiri"]
[Black "Mikolas, Jan"]
[Result "0-1"]
[WhiteElo "1694"]
[BlackElo "2025"]
[PlyCount "84"]
[EventDate "2006.??.??"]
[EventType "corr"]
[EventRounds "2"]
[SourceDate "2006.08.10"]

1. Nf3 d5 2. d4 e6 3. e3 Nf6 4. b3 c5 5. Bb5+ Bd7 6. Bxd7+ Nbxd7 7. Bb2 Rc8 8.
dxc5 Bxc5 9. Bxf6 Qxf6 10. Nbd2 Qc3 11. O-O O-O 12. a4 Nf6 13. Ra2 Rfd8 14. Nb1
Qa5 15. Qd2 Qc7 16. Qd3 e5 17. Qe2 Bd6 18. g3 Ne4 19. Nfd2 Nxd2 20. Qxd2 Bc5
21. Qe2 Bb6 22. Rc1 a6 23. Nd2 f5 24. Nf3 d4 25. exd4 e4 26. Ne5 Bxd4 27. Nc4
g6 28. c3 Bg7 29. Rac2 Rd3 30. a5 Bh6 31. Ra1 Rcd8 32. Kg2 Qc6 33. Kg1 f4 34.
Qe1 Bg7 35. Rac1 e3 36. gxf4 exf2+ 37. Rxf2 Bxc3 38. Qf1 Bd4 39. Ne3 Qe4 40.
Ng4 Qxf4 41. Kh1 Bxf2 42. Nxf2 Rd2 0-1

[Event "MCR_KT21"]
[Site "?"]
[Date "2006.??.??"]
[Round "?"]
[White "Ptacek, Jiri"]
[Black "Zabrodsky, Zdenek"]
[Result "1/2-1/2"]
[WhiteElo "1694"]
[BlackElo "1742"]
[PlyCount "96"]
[EventDate "2006.??.??"]
[EventType "corr"]
[EventRounds "2"]
[SourceDate "2006.08.10"]

1. Nf3 d5 2. d4 Bf5 3. e3 Nf6 4. h3 h6 5. Bd3 Bxd3 6. Qxd3 c6 7. O-O Nbd7 8. c4
dxc4 9. Qxc4 e6 10. Nc3 Be7 11. a3 O-O 12. Qd3 a5 13. e4 Qc7 14. e5 Nd5 15.
Nxd5 cxd5 16. Bd2 Qb6 17. Rab1 Rfc8 18. Rfc1 Rc6 19. Rxc6 bxc6 20. Bc3 c5 21.
Qd2 cxd4 22. Bxd4 Qb7 23. Rc1 Bd8 24. Rc2 Rc8 25. Rxc8 Qxc8 26. Kh2 f6 27. g3
fxe5 28. Nxe5 Nxe5 29. Bxe5 Qc4 30. Qd4 Qxd4 31. Bxd4 Bf6 32. Bc3 Bxc3 33. bxc3
Kf7 34. Kg2 Kf6 35. Kf3 e5 36. h4 g6 37. Kg4 h5+ 38. Kf3 a4 39. Ke3 Kf5 40. f3
Ke6 41. Kd3 Kf5 42. Ke3 g5 43. hxg5 Kxg5 44. Kd3 h4 45. gxh4+ Kxh4 46. Ke3 Kg3
47. Ke2 Kf4 48. Kf2 Kg5 1/2-1/2

[Event "MCR_KT21"]
[Site "?"]
[Date "2006.??.??"]
[Round "?"]
[White "Pipek, Jan"]
[Black "Zabrodsky, Zdenek"]
[Result "1-0"]
[WhiteElo "1701"]
[BlackElo "1742"]
[PlyCount "79"]
[EventDate "2006.??.??"]
[EventType "corr"]
[EventRounds "2"]
[SourceDate "2006.08.10"]

1. e4 e6 2. d4 d5 3. Nc3 dxe4 4. Nxe4 Be7 5. Nf3 Nf6 6. Nxf6+ Bxf6 7. Bb5+ c6
8. Be2 O-O 9. O-O Nd7 10. Re1 b6 11. Bf4 Bb7 12. Ne5 Bxe5 13. dxe5 Qc7 14. Qd6
Qc8 15. Rad1 Rd8 16. Bg5 f6 17. Qxe6+ Kh8 18. exf6 Nxf6 19. Rxd8+ Qxd8 20. Bd3
c5 21. Bxf6 Qxf6 22. Qxf6 gxf6 23. Re7 Bd5 24. Rxh7+ Kg8 25. a3 Re8 26. f3 c4
27. Bg6 Re1+ 28. Kf2 Rb1 29. h4 Rxb2 30. h5 Rb1 31. Rd7 Bc6 32. Rd6 Ba4 33. h6
Kf8 34. Rxf6+ Ke7 35. Rf7+ Ke6 36. h7 Rh1 37. Rxa7 Kf6 38. Be4 b5 39. g4 c3 40.
g5+ 1-0

[Event "MCR_KT21"]
[Site "?"]
[Date "2006.??.??"]
[Round "?"]
[White "Ptacek, Jiri"]
[Black "Pipek, Jan"]
[Result "1-0"]
[WhiteElo "1694"]
[BlackElo "1701"]
[PlyCount "60"]
[EventDate "2006.??.??"]
[EventType "corr"]
[EventRounds "2"]
[SourceDate "2006.08.10"]

1. Nf3 d5 2. d4 e6 3. e3 Nf6 4. Bd3 Bd6 5. O-O O-O 6. c4 dxc4 7. Bxc4 b6 8. Nc3
c5 9. dxc5 Bxc5 10. Qxd8 Rxd8 11. Rd1 Rxd1+ 12. Nxd1 Ba6 13. b3 Bxc4 14. bxc4
Nc6 15. Bb2 Ne4 16. Nc3 Nd6 17. Nd2 Na5 18. Nb5 Ndxc4 19. Nxc4 Nxc4 20. Bd4
Bxd4 21. Nxd4 Rc8 22. Nb5 a6 23. Nd4 Kf8 24. g3 e5 25. Nb3 Nd6 26. Rd1 Ke7 27.
Nd2 Rc2 28. a3 Ra2 29. Nb1 Nc4 30. Kg2 Nxa3 1-0

[Event "MCR_KT21"]
[Site "?"]
[Date "2006.??.??"]
[Round "?"]
[White "Zabrodsky, Zdenek"]
[Black "Ptacek, Jiri"]
[Result "1/2-1/2"]
[WhiteElo "1742"]
[BlackElo "1694"]
[PlyCount "105"]
[EventDate "2006.??.??"]
[EventType "corr"]
[EventRounds "2"]
[SourceDate "2006.08.10"]

1. Nf3 Nf6 2. d4 d5 3. e3 e6 4. Bd3 Bd6 5. O-O O-O 6. c4 b6 7. Nc3 dxc4 8. Bxc4
Ba6 9. Bxa6 Nxa6 10. a3 Nd5 11. Bd2 Nxc3 12. Bxc3 c5 13. Qe2 Nc7 14. Rfd1 Qe7
15. dxc5 Bxc5 16. Ne5 Nd5 17. Bd4 Bxd4 18. Rxd4 Rfc8 19. Rc4 Rxc4 20. Qxc4 Nf6
21. Rc1 Qb7 22. Qc7 Qxc7 23. Rxc7 Rd8 24. Kf1 a6 25. Ke2 h6 26. Nxf7 Rd7 27.
Rxd7 Nxd7 28. Nd8 e5 29. Nc6 a5 30. Ne7+ Kf7 31. Nd5 Ke6 32. e4 g6 33. Ke3 Kd6
34. f4 Kc5 35. Kd3 a4 36. g4 exf4 37. Nxf4 Ne5+ 38. Kc3 Nxg4 39. Nxg6 Nxh2 40.
e5 Kd5 41. Kb4 Nf3 42. Kxa4 Nxe5 43. Nf4+ Ke4 44. Nh5 Kf5 45. Kb5 Kg5 46. Ng3
Kg4 47. Nh1 Kf3 48. b3 Nd7 49. Kc6 Nc5 50. b4 h5 51. bxc5 bxc5 52. Kxc5 Kg2 53.
a4 1/2-1/2

[Event "MCR_KT21"]
[Site "?"]
[Date "2006.??.??"]
[Round "?"]
[White "Zabrodsky, Zdenek"]
[Black "Pipek, Jan"]
[Result "1/2-1/2"]
[WhiteElo "1742"]
[BlackElo "1701"]
[PlyCount "94"]
[EventDate "2006.??.??"]
[EventType "corr"]
[EventRounds "2"]
[SourceDate "2006.08.10"]

1. d4 d5 2. c4 e6 3. a3 dxc4 4. Qa4+ Bd7 5. Qxc4 Bc6 6. Nc3 Be7 7. e4 Nd7 8.
Be3 Ngf6 9. f3 O-O 10. b4 Nb6 11. Qb3 a6 12. Bd3 Nfd7 13. Nge2 Ne5 14. Rd1
Nxd3+ 15. Rxd3 Bb5 16. Nxb5 axb5 17. d5 exd5 18. Bxb6 cxb6 19. Rxd5 Qc7 20.
Rxb5 Bh4+ 21. g3 Bf6 22. O-O Rad8 23. Rd5 Rxd5 24. exd5 b5 25. Rc1 Qd7 26. Kg2
h5 27. Rc5 b6 28. Rc6 Rd8 29. Nf4 h4 30. Qd3 h3+ 31. Kf2 Bd4+ 32. Kf1 Be5 33.
Qxb5 Bxf4 34. gxf4 Qf5 35. Qc4 Qb1+ 36. Qc1 Qa2 37. Rc2 Qxd5 38. Kf2 Rd6 39.
Rc8+ Kh7 40. Qc2+ Rg6 41. Ke3 Qe6+ 42. Kf2 Qd7 43. Ke3 f5 44. Rc4 Qe8+ 45. Kd3
b5 46. Rd4 Rg2 47. Qd1 Qe6 1/2-1/2

[Event "MCR_KT21"]
[Site "?"]
[Date "2006.??.??"]
[Round "?"]
[White "Mikolas, Jan"]
[Black "Pipek, Jan"]
[Result "1/2-1/2"]
[WhiteElo "2025"]
[BlackElo "1701"]
[PlyCount "99"]
[EventDate "2006.??.??"]
[EventType "corr"]
[EventRounds "2"]
[SourceDate "2006.08.10"]

1. e4 e5 2. Nf3 Nc6 3. Bc4 Bc5 4. c3 Nf6 5. d4 exd4 6. cxd4 Bb4+ 7. Nc3 Nxe4 8.
O-O Bxc3 9. d5 Ne5 10. bxc3 Nxc4 11. Qd4 Ncd6 12. Qxg7 Rf8 13. Re1 Qe7 14. Nd2
f5 15. Qxe7+ Kxe7 16. f3 Re8 17. fxe4 Kf6 18. Bb2 Nxe4 19. Nxe4+ Rxe4 20. Rxe4
fxe4 21. c4+ Kf5 22. Rf1+ Kg5 23. Rf7 b5 24. c5 b4 25. Rxh7 Rb8 26. Rg7+ Kf4
27. Bd4 b3 28. Rf7+ Kg5 29. axb3 Rxb3 30. Re7 Rd3 31. Rxe4 Kf5 32. Re5+ Kg6 33.
Be3 Kf6 34. Bf4 d6 35. Re8 Bf5 36. cxd6 cxd6 37. Ra8 Rxd5 38. Rxa7 Rd4 39. g3
d5 40. Ra6+ Kf7 41. h4 Bg4 42. Rd6 Rd1+ 43. Kg2 Rd3 44. Bg5 Rc3 45. Rf6+ Kg7
46. Rf4 Rc4 47. Rf6 Rc3 48. Kf2 Kg8 49. Rf4 Rc4 50. Ke3 1/2-1/2

[Event "MCR_KT21"]
[Site "?"]
[Date "2006.??.??"]
[Round "?"]
[White "Pipek, Jan"]
[Black "Mikolas, Jan"]
[Result "0-1"]
[WhiteElo "1701"]
[BlackElo "2025"]
[PlyCount "98"]
[EventDate "2006.??.??"]
[EventType "corr"]
[EventRounds "2"]
[SourceDate "2006.08.10"]

1. e4 e6 2. d4 d5 3. Nc3 Bb4 4. e5 c5 5. a3 Ba5 6. Qg4 Ne7 7. Qxg7 Rg8 8. Qxh7
cxd4 9. b4 dxc3 10. bxa5 Nbc6 11. h4 Qxa5 12. Nf3 Bd7 13. Bg5 Qa4 14. Bd3 O-O-O
15. Rb1 Rh8 16. Qxf7 Rdf8 17. Qg7 Qxa3 18. Bf6 Rfg8 19. Qxh8 Rxh8 20. Bxh8 Nb4
21. O-O Nxd3 22. Ra1 Qc5 23. cxd3 Nf5 24. Rfc1 Bb5 25. d4 Nxd4 26. Nxd4 Qxd4
27. Ra3 Qxh4 28. Rcxc3+ Kb8 29. Bf6 Qe4 30. Re3 Qc4 31. Ra1 d4 32. Re4 Qc3 33.
Rd1 d3 34. Bg5 Qb3 35. Rc1 Qd5 36. Rg4 b6 37. Be3 Bc6 38. Rg8+ Kc7 39. Rg7+ Kc8
40. f4 Kb8 41. Rd1 Qb3 42. Rg8+ Kb7 43. Rg7+ Kb8 44. Rg8+ Kc7 45. Rg7+ Kc8 46.
Rg8+ Kd7 47. Ra1 a5 48. Rc1 Qd5 49. Rc4 Qxc4 0-1